Connecticut Towns with Common Suffixes - Statistics

General Stats
  • This quiz has been taken 30 times
    22 since last reset
  • The average score is 28 of 74
Answer Stats
Hint Answer % Correct
The Wiches Town Norwich
86%
The Wiches Town Greenwich
81%
The Fords City Hartford
81%
The Towns Town Newtown
81%
The Burys City Waterbury
81%
The Fords Town Waterford
81%
The Towns Town Watertown
81%
The Fords Town Eastford
76%
The Burys Town Middlebury
71%
The Fields Town Fairfield
67%
The Fields Town Middlefield
67%
The Towns City Middletown
67%
The Fields Village Northfield
67%
The Villes Village Northville
67%
The Burys Town Southbury
67%
The Fords Town Stafford
67%
The Burys City Danbury
62%
The Chesters Town Manchester
62%
The Tucks Borough-Town Naugatuck
62%
The Fords City Stamford
62%
The Chesters Town Colchester
57%
The Chesters Town Winchester
57%
The Fords City Milford
52%
The Fields Town Plainfield
52%
The Villes Town Plainville
52%
The Burys Town Woodbury
52%
The Fords Town Stratford
48%
The Fords Town Ashford
43%
The Fords Town Branford
43%
The Fords Town East Hartford
43%
The Burys Town Glastonbury
43%
The Fords Town West Hartford
43%
The Fields Town Mansfield
38%
The Fords Town New Milford
38%
The Fields Town Suffield
38%
The Fields Town Brookfield
33%
The Fields Town Enfield
33%
The Fords Town Guilford
33%
The Fields Town Litchfield
33%
The Fields Town New Fairfield
33%
The Burys Town Simsbury
33%
The Fields Town Bloomfield
29%
The Fords Town New Hartford
29%
The Fords Town North Branford
29%
The Fords Town Oxford
29%
The Burys Town Salisbury
29%
The Fords Town Wallingford
29%
The Burys Town Canterbury
24%
The Fields Town Ridgefield
24%
The Burys Town Roxbury
24%
The Tucks CDP Saugatuck
24%
The Fields Town Wethersfield
24%
The Villes Borough Unionville
19%
The Villes CDP Dayville
14%
The Villes Town Montville
14%
The Towns Town Voluntown
14%
The Towns Village Georgetown
10%
The Villes CDP Glenville
10%
The Villes CDP Lakeville
10%
The Villes CDP Oakville
10%
The Tucks Village Pawcatuck
10%
The Villes Village Rockville
10%
The Villes Village Terryville
10%
The Villes Village Collinsville
5%
The Villes CDP Hazardville
5%
The Villes Village Hydeville
5%
The Villes CDP Tariffville
5%
The Burys CDP West Simsbury
5%
The Villes Village Yalesville
5%
The Villes Village Gaylordsville
0%
The Villes Village Leesville
0%
The Wiches CDP Old Greenwich
0%
The Villes Village Taftville
0%
The Villes CDP Thompsonville
0%
No matching quizzes found
Score Distribution
Percent of People with Each Score
Percentile by Number Answered
Your Score History
You have not taken this quiz since the last reset